Atlas de Ginecología Clínica (Registro nro. 4154)
[ vista simple ]
| 000 -CABECERA | |
|---|---|
| campo de control de longitud fija | 00639nam a22001937a 4500 |
| 003 - IDENTIFICADOR DEL NÚMERO DE CONTROL | |
| campo de control | AR-RoIUNI |
| 005 - FECHA Y HORA DE LA ÚLTIMA TRANSACCIÓN | |
| campo de control | 20241122062726.0 |
| 008 - DATOS DE LONGITUD FIJA--INFORMACIÓN GENERAL | |
| campo de control de longitud fija | 181129b xxu||||| |||| 00| 0 spa d |
| 040 ## - FUENTE DE LA CATALOGACIÓN | |
| Centro/agencia transcriptor | AR-RoIUNI |
| 080 ## - NÚMERO DE LA CLASIFICACIÓN DECIMAL UNIVERSAL | |
| Número de la Clasificación Decimal Universal | 618 STE |
| 100 1# - ENTRADA PRINCIPAL--NOMBRE DE PERSONA | |
| 9 (RLIN) | 424 |
| Nombre de persona | Stenchever, Morton A. |
| 245 1# - MENCIÓN DE TÍTULO | |
| Título | Atlas de Ginecología Clínica |
| Resto del título | Endocrinología reproductiva |
| Mención de responsabilidad, etc. | editor de la serie: Morton A. Stenchever ; Editor del volumen: Daniel R. Mishell,Jr |
| 260 ## - PUBLICACIÓN, DISTRIBUCIÓN, ETC. (PIE DE IMPRENTA) | |
| Lugar de publicación, distribución, etc. | Buenos Aires |
| Nombre del editor, distribuidor, etc. | AP Americana de Publicaciones |
| Fecha de publicación, distribución, etc. | c1999 |
| 300 ## - DESCRIPCIÓN FÍSICA | |
| Extensión | pag. var. |
| Dimensiones | 31 cm. |
| 650 10 - PUNTO DE ACCESO ADICIONAL DE MATERIA--TÉRMINO DE MATERIA | |
| Término de materia o nombre geográfico como elemento inicial | Medicina |
| 9 (RLIN) | 58 |
| 650 10 - PUNTO DE ACCESO ADICIONAL DE MATERIA--TÉRMINO DE MATERIA | |
| 9 (RLIN) | 100 |
| Término de materia o nombre geográfico como elemento inicial | Ginecología |
| 700 1# - PUNTO DE ACCESO ADICIONAL--NOMBRE DE PERSONA | |
| 9 (RLIN) | 425 |
| Nombre de persona | Mishell, Daniel R.,Jr |
| 942 ## - ELEMENTOS DE PUNTO DE ACCESO ADICIONAL (KOHA) | |
| Fuente del sistema de clasificación o colocación | Clasificación Decimal Universal |
| Tipo de ítem Koha | Libros |
| Estado de retiro | Estado de pérdida | Fuente del sistema de clasificación o colocación | Estado dañado | Excepción de préstamo | Código de colección | Localización permanente | Ubicación/localización actual | Ubicación en estantería | Fecha de adquisición | Enumeración/cronología de publicación seriada | Número de inventario | Total de préstamos | Signatura topográfica completa | Código de barras | Fecha visto por última vez | Precio válido a partir de | Tipo de ítem Koha |
|---|---|---|---|---|---|---|---|---|---|---|---|---|---|---|---|---|---|
| Clasificación Decimal Universal | Medicina | BIBLIOTECA CENTRAL | BIBLIOTECA CENTRAL | BIBLIOTECA CENTRAL | 29/11/2018 | Vol. 1 - 5 | 4660 | 618 STE | 4660c | 29/11/2018 | 29/11/2018 | Libros | |||||
| Clasificación Decimal Universal | Medicina | BIBLIOTECA CENTRAL | BIBLIOTECA CENTRAL | BIBLIOTECA CENTRAL | 23/05/2019 | Vol. 2 | 5644 | 618 STE | 5644c | 23/05/2019 | 23/05/2019 | Libros | |||||
| Clasificación Decimal Universal | Medicina | BIBLIOTECA CENTRAL | BIBLIOTECA CENTRAL | BIBLIOTECA CENTRAL | 23/05/2019 | Vol. 3 | 5645 | 618 STE | 5645c | 23/05/2019 | 23/05/2019 | Libros | |||||
| Clasificación Decimal Universal | Medicina | BIBLIOTECA CENTRAL | BIBLIOTECA CENTRAL | BIBLIOTECA CENTRAL | 23/05/2019 | Vol. 4 | 5646 | 618 STE | 5646c | 23/05/2019 | 23/05/2019 | Libros | |||||
| Clasificación Decimal Universal | Medicina | BIBLIOTECA CENTRAL | BIBLIOTECA CENTRAL | BIBLIOTECA CENTRAL | 23/05/2019 | Vol. 5 | 5647 | 618 STE | 5647c | 23/05/2019 | 23/05/2019 | Libros |

